000 00365nam a2200157Ia 4500
005 20250516023639.0
008 240331s9999 xx 000 0 und d
020 _a9552005728
082 _a294
_bMAH
100 _aMahalekama, S
245 0 _aBudun dakeema
260 _aColombo
_bS. Godage & Brothers
_c1992
300 _a221 p .,
650 _aBuddhism
942 _cL
999 _c898
_d898